[Event "OLOMOUC 2006 - IM-B (CZE)"]
[Site "?"]
[Date "2006.08.06"]
[Round "6.6"]
[White "Ramiro Ovejero, Juan Luis"]
[Black "Mihailovs, Jurijs"]
[Result "1-0"]
[WhiteElo "2323"]
[BlackElo "2258"]
[PlyCount "81"]
[EventDate "2006.08.02"]

1. e4 c5 2. Nf3 e6 3. d3 Nc6 4. g3 Qc7 5. Bg2 Nf6 6. O-O Be7 7. Qe2 d6 8. c3
Bd7 9. Nbd2 a6 10. Re1 Ne5 11. Nf1 h6 12. Nxe5 dxe5 13. f4 exf4 14. Bxf4 e5 15.
Bd2 O-O 16. Ne3 Nh7 17. h4 Be6 18. c4 b5 19. Bc3 Bd6 20. Rf1 Rfd8 21. Nd5 Bxd5
22. exd5 Rf8 23. Rae1 Rae8 24. Qh5 Qe7 25. Rf2 Nf6 26. Qe2 b4 27. Bd2 e4 28.
Bf4 e3 29. Qxe3 Qxe3 30. Rxe3 Rxe3 31. Bxe3 Ng4 32. Bf4 Nxf2 33. Bxd6 Nxd3 34.
Bf1 Nxb2 35. Bxc5 Rc8 36. d6 f5 37. Bxb4 Kf7 38. c5 Ke6 39. Bxa6 Rb8 40. c6 Ra8
41. Bb7 1-0

[Event "OLOMOUC 2006 - IM-B (CZE)"]
[Site "?"]
[Date "2006.08.06"]
[Round "7.1"]
[White "Mihailovs, Jurijs"]
[Black "Malinovsky, Karel"]
[Result "1-0"]
[WhiteElo "2258"]
[BlackElo "2346"]
[PlyCount "83"]
[EventDate "2006.08.02"]

1. d4 Nf6 2. c4 e6 3. Nf3 b6 4. a3 Bb7 5. Nc3 d5 6. cxd5 Nxd5 7. Qc2 Be7 8.
Nxd5 exd5 9. Bf4 c6 10. e3 O-O 11. h4 Nd7 12. Bd3 Nf6 13. Ng5 g6 14. h5 h6 15.
Nxf7 Rxf7 16. hxg6 Rg7 17. O-O-O Bf8 18. Rxh6 Re7 19. Rh4 Bg7 20. f3 c5 21. Kb1
Rc8 22. Qf2 c4 23. Bf5 Rc6 24. Rdh1 c3 25. b3 c2+ 26. Bxc2 Rxc2 27. Qxc2 Re6
28. Bh6 Rc6 29. Qd3 Qc8 30. Bxg7 Kxg7 31. Kb2 Ba6 32. Qd2 Kxg6 33. e4 dxe4 34.
fxe4 Ng8 35. R1h3 Kf7 36. Rf3+ Rf6 37. Rhf4 Rxf4 38. Qxf4+ Ke7 39. Qg5+ Kd7 40.
Qd5+ Ke7 41. Qf7+ Kd6 42. e5+ 1-0

[Event "OLOMOUC 2006 - IM-B (CZE)"]
[Site "?"]
[Date "2006.08.06"]
[Round "7.3"]
[White "Stehno, Pavel"]
[Black "Camarena Gimenez, Rufino"]
[Result "0-1"]
[WhiteElo "2297"]
[BlackElo "2323"]
[PlyCount "88"]
[EventDate "2006.08.02"]

1. e4 e6 2. d4 d5 3. e5 c5 4. c3 Nc6 5. Nf3 Bd7 6. Be2 f6 7. O-O Qc7 8. Re1
fxe5 9. Nxe5 Nxe5 10. dxe5 O-O-O 11. c4 d4 12. Bf3 Ne7 13. Bf4 h6 14. b4 g5 15.
Bg3 Nf5 16. b5 Bg7 17. Nd2 Nxg3 18. hxg3 Bxe5 19. Qe2 Bg7 20. Qe4 h5 21. Qg6
Rdg8 22. Qf7 g4 23. Be4 d3 24. Nb3 Bxa1 25. Rxa1 h4 26. gxh4 g3 27. f3 Qd6 28.
Rd1 Rf8 29. Qg7 Rhg8 30. Qh7 Rh8 31. Qg7 Rfg8 32. Qf7 Qe5 33. Qe7 b6 34. Rxd3
Rg7 35. Qd6 Qxd6 36. Rxd6 Rxh4 37. Na1 Kc7 38. Rd3 Be8 39. Nc2 Bg6 40. Bxg6
Rxg6 41. Ne3 Rd4 42. Ra3 Kb7 43. Kf1 Rd2 44. Ng4 Rg8 0-1

[Event "OLOMOUC 2006 - IM-B (CZE)"]
[Site "?"]
[Date "2006.08.06"]
[Round "7.5"]
[White "Sluka, Radek"]
[Black "Salama, Omar"]
[Result "0-1"]
[WhiteElo "2331"]
[BlackElo "2174"]
[PlyCount "90"]
[EventDate "2006.08.02"]

1. e4 c5 2. Nf3 Nc6 3. d4 cxd4 4. Nxd4 Nf6 5. Nc3 e5 6. Ndb5 d6 7. Bg5 a6 8.
Na3 b5 9. Nd5 Qa5+ 10. Bd2 Qd8 11. Nxf6+ Qxf6 12. c4 Qg6 13. f3 Be7 14. Be3 O-O
15. cxb5 Nd4 16. g3 Bb7 17. Bxd4 exd4 18. Bd3 d5 19. exd5 Bb4+ 20. Kf2 Qh6 21.
Nc2 Bd2 22. Kg2 Bxd5 23. bxa6 Rfe8 24. Rf1 Rad8 25. a4 Rb8 26. Bb5 Red8 27. Ra3
Be6 28. h4 Bf5 29. a7 Ra8 30. Bd3 Bc8 31. Be4 Rxa7 32. Rf2 Ba5 33. Rd3 Qe6 34.
g4 Qe7 35. Nxd4 Qxh4 36. Nf5 Bxf5 37. Bxf5 g6 38. Be4 Rxd3 39. Qxd3 Bc7 40. Qd4
Ra5 41. Rc2 Qg3+ 42. Kf1 h5 43. Rg2 Qf4 44. Qd2 Qf6 45. Qc3 Qd6 0-1

[Event "OLOMOUC 2006 - IM-B (CZE)"]
[Site "?"]
[Date "2006.08.06"]
[Round "7.6"]
[White "Tibensky, Robert"]
[Black "Lubbe, Nicolas"]
[Result "0-1"]
[WhiteElo "2385"]
[BlackElo "2272"]
[PlyCount "70"]
[EventDate "2006.08.02"]

1. d4 Nf6 2. c4 c5 3. d5 e6 4. Nc3 exd5 5. cxd5 d6 6. e4 g6 7. f4 Bg7 8. Bb5+
Nfd7 9. Nf3 a6 10. Bd3 b5 11. O-O O-O 12. Kh1 Qc7 13. Qe1 c4 14. Bc2 Re8 15. f5
Ne5 16. Qh4 b4 17. Ne2 Nxf3 18. Rxf3 Bxf5 19. Bg5 f6 20. exf5 fxg5 21. Qf2 Nd7
22. fxg6 Ne5 23. gxh7+ Kh8 24. Rg3 Nd3 25. Bxd3 cxd3 26. Nd4 Qc5 27. Rxd3 Re4
28. Rad1 Rf8 29. Qg1 Qxd5 30. b3 g4 31. Ne2 Qxd3 32. Rxd3 Rxe2 33. h3 Rfe8 34.
Rd1 g3 35. Rf1 Bc3 0-1

[Event "OLOMOUC 2006 - IM-B (CZE)"]
[Site "?"]
[Date "2006.08.07"]
[Round "8.1"]
[White "Malinovsky, Karel"]
[Black "Lubbe, Nicolas"]
[Result "1/2-1/2"]
[WhiteElo "2346"]
[BlackElo "2272"]
[PlyCount "68"]
[EventDate "2006.08.02"]

1. e4 c5 2. Nf3 d6 3. d4 cxd4 4. Nxd4 Nf6 5. Nc3 Nc6 6. Bg5 Bd7 7. Qd2 Rc8 8.
Nb3 h6 9. Bxf6 gxf6 10. Bd3 Rg8 11. f4 h5 12. f5 Ne5 13. O-O Bc6 14. Rae1 a6
15. Kh1 Qb6 16. Ne2 d5 17. Ned4 Rd8 18. Nxc6 bxc6 19. Qe2 Rg5 20. Rd1 Ng4 21.
Rf3 Ne5 22. Rf4 Rg4 23. Rxg4 Nxg4 24. Rf1 Ne3 25. Re1 Ng4 26. h3 Nf2+ 27. Kh2
e6 28. Qe3 Bd6+ 29. Kg1 Qxe3 30. Rxe3 Nxe4 31. Bxe4 dxe4 32. Rxe4 Bg3 33. Rd4
Rxd4 34. Nxd4 Kd7 1/2-1/2

[Event "OLOMOUC 2006 - IM-B (CZE)"]
[Site "?"]
[Date "2006.08.07"]
[Round "8.2"]
[White "Salama, Omar"]
[Black "Tibensky, Robert"]
[Result "0-1"]
[WhiteElo "2174"]
[BlackElo "2385"]
[PlyCount "88"]
[EventDate "2006.08.02"]

1. d4 Nf6 2. c4 c5 3. e3 g6 4. Nf3 Bg7 5. Be2 O-O 6. O-O cxd4 7. exd4 d5 8. Ne5
b6 9. Bf3 Bb7 10. Nc3 a6 11. a4 Ra7 12. Re1 h6 13. Be3 e6 14. a5 bxa5 15. c5
Bc6 16. Qd2 Kh7 17. Bf4 Nfd7 18. Nxd7 Bxd7 19. Bd6 Re8 20. Qf4 Kg8 21. Nxd5 g5
22. Ne7+ Qxe7 23. Qc1 Qd8 24. c6 Nxc6 25. Bxc6 Bxc6 26. Qxc6 Qd7 27. Qb6 Rb7
28. Qxa6 Bxd4 29. Bg3 Bxb2 30. Rab1 Qb5 31. Qxb5 Rxb5 32. Re2 Rc8 33. h4 Rc1+
34. Rxc1 Bxc1 35. hxg5 hxg5 36. Ra2 Bb2 37. Bc7 Bc3 38. Rc2 Bb4 39. Ra2 Kf8 40.
Rb2 Rd5 41. g3 Ke7 42. Kg2 Kd7 43. Bb6 Kc6 44. Be3 Kb5 0-1

[Event "OLOMOUC 2006 - IM-B (CZE)"]
[Site "?"]
[Date "2006.08.07"]
[Round "8.3"]
[White "Skytte, Rasmus"]
[Black "Sluka, Radek"]
[Result "1/2-1/2"]
[WhiteElo "2408"]
[BlackElo "2331"]
[PlyCount "90"]
[EventDate "2006.08.02"]

1. e4 d5 2. exd5 Nf6 3. c4 e6 4. dxe6 Bxe6 5. Be2 c5 6. Nf3 Nc6 7. O-O Qd7 8.
d3 Rd8 9. Nc3 Be7 10. Bf4 O-O 11. Ne5 Nxe5 12. Bxe5 Ng4 13. Bf4 Qd4 14. Qd2 Bd6
15. Bxd6 Qxd6 16. Bxg4 Bxg4 17. Qg5 Qg6 18. Qxg6 fxg6 19. f3 Bf5 20. Rfd1 Bxd3
21. b3 Be2 22. Rxd8 Rxd8 23. Nd5 Re8 24. Kf2 Kf7 25. Ne3 Bd3 26. Rd1 Rd8 27.
Nd5 Bf5 28. Ke3 g5 29. Nc3 Rxd1 30. Nxd1 b6 31. Nc3 Ke6 32. Ne4 h6 33. Nc3 Ke5
34. Nd5 a6 35. Nc3 Kd6 36. Kd2 g4 37. f4 Bd7 38. a4 Bc6 39. g3 Bf3 40. Ke3 Ke6
41. h4 Kd6 42. Ne4+ Ke6 43. Nc3 Kd6 44. Ne4+ Kc6 45. Nc3 Kd6 1/2-1/2

[Event "OLOMOUC 2006 - IM-B (CZE)"]
[Site "?"]
[Date "2006.08.07"]
[Round "8.4"]
[White "Camarena Gimenez, Rufino"]
[Black "Jurek, Josef"]
[Result "1-0"]
[WhiteElo "2323"]
[BlackElo "2390"]
[PlyCount "71"]
[EventDate "2006.08.02"]

1. d4 g6 2. e4 Bg7 3. c4 c5 4. d5 d6 5. Nf3 e6 6. Be2 exd5 7. cxd5 a6 8. a4 Bg4
9. Nfd2 Bxe2 10. Qxe2 Nd7 11. O-O Ne7 12. Nc3 O-O 13. Nc4 Ne5 14. Nxe5 Bxe5 15.
f4 Bg7 16. f5 Bd4+ 17. Kh1 f6 18. Qg4 Kh8 19. Ne2 Be5 20. Nf4 Bxf4 21. Bxf4 g5
22. Bd2 Rf7 23. h4 gxh4 24. Qxh4 Ng8 25. a5 Qf8 26. Ra3 Re8 27. Rh3 Rg7 28. Rf4
Ree7 29. Bc3 Ref7 30. g4 h6 31. g5 fxg5 32. Qxg5 Kh7 33. Qh5 Rf6 34. Rg4 Rxg4
35. Qxg4 Qe8 36. Rg3 1-0

[Event "OLOMOUC 2006 - IM-B (CZE)"]
[Site "?"]
[Date "2006.08.07"]
[Round "8.5"]
[White "Ramiro Ovejero, Juan Luis"]
[Black "Stehno, Pavel"]
[Result "1/2-1/2"]
[WhiteElo "2323"]
[BlackElo "2297"]
[PlyCount "61"]
[EventDate "2006.08.02"]

1. e4 g6 2. d4 Nf6 3. e5 Nh5 4. Be2 Ng7 5. Bh6 d5 6. Nf3 Bg4 7. O-O c6 8. Nbd2
Na6 9. c3 Nc7 10. Ng5 Bxe2 11. Qxe2 Nge6 12. Nxe6 Nxe6 13. Bxf8 Rxf8 14. b4 Qd7
15. f4 O-O-O 16. a4 f5 17. b5 c5 18. dxc5 Nxc5 19. Qe3 d4 20. cxd4 Qxd4 21.
Qxd4 Rxd4 22. Rac1 Rxd2 23. Rxc5+ Kd7 24. Rfc1 Ke6 25. Rc7 Rb8 26. R1c4 Rbd8
27. Rxb7 Rd1+ 28. Kf2 R1d2+ 29. Kg1 Rd1+ 30. Kf2 R1d2+ 31. Kg1 1/2-1/2

[Event "OLOMOUC 2006 - IM-B (CZE)"]
[Site "?"]
[Date "2006.08.07"]
[Round "8.6"]
[White "Mihailovs, Jurijs"]
[Black "Krupa, Monika"]
[Result "0-1"]
[WhiteElo "2258"]
[BlackElo "2251"]
[PlyCount "86"]
[EventDate "2006.08.02"]

1. d4 Nf6 2. c4 e6 3. Nf3 b6 4. a3 Ba6 5. Qc2 c5 6. e3 cxd4 7. exd4 d5 8. b3
Nbd7 9. Nbd2 Bd6 10. Bb2 Rc8 11. Bd3 dxc4 12. Nxc4 O-O 13. Qe2 Bb8 14. Ng5 h6
15. h4 Bf4 16. Nh3 Nd5 17. Qf3 Bb8 18. g3 Bb7 19. O-O b5 20. Ne5 Nxe5 21. dxe5
Nc3 22. Qxb7 Qxd3 23. Nf4 Ne2+ 24. Nxe2 Qxe2 25. Bd4 Qg4 26. Bxa7 Rc7 27. Qxb8
Rxb8 28. Bxb8 Rc3 29. a4 g5 30. h5 Rc8 31. Bd6 bxa4 32. bxa4 Ra8 33. a5 Ra6 34.
Rfb1 Qxh5 35. Rb6 Qe2 36. Rxa6 Qxa6 37. Bb4 Kg7 38. Bd2 Kg6 39. g4 Qe2 40. a6
Qxg4+ 41. Kh2 Qd4 42. Ra2 Qd5 43. Rc2 Qxe5+ 0-1

[Event "OLOMOUC 2006 - IM-B (CZE)"]
[Site "?"]
[Date "2006.08.08"]
[Round "9.1"]
[White "Krupa, Monika"]
[Black "Malinovsky, Karel"]
[Result "0-1"]
[WhiteElo "2251"]
[BlackElo "2346"]
[PlyCount "84"]
[EventDate "2006.08.02"]

1. e4 e5 2. Nf3 Nc6 3. Bb5 a6 4. Ba4 Nf6 5. O-O Be7 6. Re1 b5 7. Bb3 d6 8. h3
Na5 9. c3 Nxb3 10. axb3 O-O 11. d4 Bb7 12. d5 c6 13. c4 Qc7 14. Nbd2 Nd7 15.
Nf1 cxd5 16. cxd5 f5 17. exf5 Rxf5 18. Nd4 exd4 19. Rxe7 Re5 20. Rxe5 dxe5 21.
f4 Bxd5 22. Ne3 Be4 23. Ng4 Qb7 24. Nxe5 Nxe5 25. fxe5 Bxg2 26. Qg4 Bd5 27. Bg5
Re8 28. Re1 Re6 29. Rc1 Rc6 30. Rxc6 Qxc6 31. Qxd4 h6 32. Bd2 Qg6+ 33. Qg4 Qb1+
34. Kf2 Qxb2 35. Qc8+ Kh7 36. Qf5+ Kh8 37. Ke1 Qxb3 38. Bxh6 Qg3+ 39. Kd2 gxh6
40. Qf6+ Qg7 41. Qd8+ Bg8 42. e6 Qg5+ 0-1

[Event "OLOMOUC 2006 - IM-B (CZE)"]
[Site "?"]
[Date "2006.08.08"]
[Round "9.2"]
[White "Stehno, Pavel"]
[Black "Mihailovs, Jurijs"]
[Result "0-1"]
[WhiteElo "2297"]
[BlackElo "2258"]
[PlyCount "138"]
[EventDate "2006.08.02"]

1. e4 c5 2. Nf3 e6 3. d4 cxd4 4. Nxd4 a6 5. c4 Bc5 6. Be3 d6 7. a3 Nf6 8. Nc3
O-O 9. Be2 e5 10. Nc2 Bxe3 11. Nxe3 Nc6 12. O-O Be6 13. Kh1 Qb6 14. b4 Nd4 15.
Bd3 Rac8 16. Rb1 Qd8 17. Ncd5 Bxd5 18. exd5 b5 19. Rb2 Qb6 20. Rd2 Rfe8 21.
cxb5 axb5 22. Bb1 Rc3 23. Rd3 Qc7 24. a4 Rc8 25. Rxc3 Qxc3 26. g4 h6 27. h4
Nxd5 28. Qd3 Qxd3 29. Bxd3 Nxb4 30. Bxb5 Nxb5 31. axb5 Nd3 32. b6 Rb8 33. Rb1
Nxf2+ 34. Kg2 Ne4 35. Rb4 Nc5 36. Nc4 Nd7 37. Ra4 f6 38. Ra7 Nc5 39. Rc7 d5 40.
Ne3 Ne6 41. Rc6 Nd8 42. Rd6 Nf7 43. Rc6 d4 44. Nd5 Nd8 45. Rd6 Kf8 46. Rd7 Ne6
47. Kf3 d3 48. Ke3 e4 49. Ra7 Nc5 50. Rc7 Ne6 51. Ra7 Rd8 52. Ra5 d2 53. Nc3
Rd3+ 54. Ke2 Nd4+ 55. Kd1 Rxc3 56. b7 Nc6 57. Ra6 Rb3 58. Rxc6 Rxb7 59. Kxd2
Kf7 60. Ke3 Re7 61. Ra6 Kg6 62. Ra5 Re5 63. Rxe5 fxe5 64. Kxe4 Kf6 65. Kd5 h5
66. gxh5 Kf5 67. Kc4 Ke4 68. Kc3 Ke3 69. Kc2 e4 0-1

[Event "OLOMOUC 2006 - IM-B (CZE)"]
[Site "?"]
[Date "2006.08.08"]
[Round "9.3"]
[White "Jurek, Josef"]
[Black "Ramiro Ovejero, Juan Luis"]
[Result "0-1"]
[WhiteElo "2390"]
[BlackElo "2323"]
[PlyCount "58"]
[EventDate "2006.08.02"]

1. Nf3 Nc6 2. d4 d5 3. g3 Bg4 4. Bg2 e6 5. O-O Nf6 6. c4 Bd6 7. Nc3 O-O 8. cxd5
Nxd5 9. e4 Nb6 10. h3 Bh5 11. g4 Bg6 12. Qe2 f5 13. Rd1 fxg4 14. hxg4 Bf4 15.
d5 Ne5 16. dxe6 Nxf3+ 17. Qxf3 Bd6 18. Qe2 Qh4 19. Be3 Qh2+ 20. Kf1 Rae8 21.
Nb5 Rxe6 22. Nxd6 cxd6 23. Bxb6 axb6 24. Qc4 Bf7 25. Qd4 Rg6 26. f3 h5 27. g5
h4 28. Rac1 h3 29. Rc2 Rxg5 0-1

[Event "OLOMOUC 2006 - IM-B (CZE)"]
[Site "?"]
[Date "2006.08.08"]
[Round "9.4"]
[White "Sluka, Radek"]
[Black "Camarena Gimenez, Rufino"]
[Result "1/2-1/2"]
[WhiteElo "2331"]
[BlackElo "2323"]
[PlyCount "149"]
[EventDate "2006.08.02"]

1. e4 e6 2. d4 d5 3. Nc3 Bb4 4. e5 b6 5. Qg4 Bf8 6. Bb5+ c6 7. Bd3 Ba6 8. Bxa6
Nxa6 9. Nh3 Ne7 10. Qe2 Nb8 11. Nf4 c5 12. dxc5 bxc5 13. Nb5 Nf5 14. c4 a6 15.
g4 Nh4 16. Nc3 d4 17. Ne4 Nd7 18. Nd3 Qc7 19. f4 Qc6 20. Rf1 h5 21. g5 Be7 22.
Bd2 a5 23. a4 Qa6 24. b3 Qb7 25. Rb1 Qc6 26. Kd1 Nb6 27. Ra1 Nf5 28. Qf3 Kd7
29. Ng3 Qxf3+ 30. Rxf3 Nxg3 31. hxg3 g6 32. Kc2 Kc6 33. Rh1 Nd7 34. Rf2 Kb6 35.
Rfh2 Rhf8 36. Rh4 Nb8 37. g4 hxg4 38. Rxg4 Nc6 39. Rgh4 Ra7 40. Rh7 Bd8 41.
R1h6 Ne7 42. Bc1 Nf5 43. Rh3 Be7 44. Nf2 Kc6 45. Ne4 Kd7 46. Rh8 Raa8 47. Rxf8
Rxf8 48. Bd2 Bd8 49. Kd3 Bb6 50. Bc1 Ke7 51. Nf6 Rd8 52. Ne4 Rf8 53. Rh7 Rd8
54. Ba3 Re8 55. Rh3 Ng7 56. Rh7 Nf5 57. Bc1 Rf8 58. Bd2 Rc8 59. Nf6 Rb8 60. Rh3
Rd8 61. Ng4 Rb8 62. Nh6 Bc7 63. Ke2 Rd8 64. Kd3 Rb8 65. Kc2 Rd8 66. Bc1 Bb6 67.
Kd3 Rb8 68. Ba3 Rc8 69. Nxf5+ exf5 70. Bc1 Ke6 71. Rh1 Rb8 72. Rh3 Bc7 73. Kc2
Bb6 74. Bd2 Bc7 75. Bc1 1/2-1/2

[Event "OLOMOUC 2006 - IM-B (CZE)"]
[Site "?"]
[Date "2006.08.08"]
[Round "9.5"]
[White "Tibensky, Robert"]
[Black "Skytte, Rasmus"]
[Result "1/2-1/2"]
[WhiteElo "2385"]
[BlackElo "2408"]
[PlyCount "33"]
[EventDate "2006.08.02"]

1. d4 d5 2. c4 c6 3. e3 Nf6 4. Nc3 a6 5. Bd3 e6 6. b3 c5 7. Nge2 Nc6 8. Bc2
cxd4 9. exd4 Bb4 10. Bb2 b6 11. O-O Ne7 12. Bc1 Bb7 13. Qd3 Rc8 14. Bf4 Ng6 15.
Bg3 Bd6 16. Nd1 O-O 17. Ne3 1/2-1/2

[Event "OLOMOUC 2006 - IM-B (CZE)"]
[Site "?"]
[Date "2006.08.08"]
[Round "9.6"]
[White "Lubbe, Nicolas"]
[Black "Salama, Omar"]
[Result "0-1"]
[WhiteElo "2272"]
[BlackElo "2174"]
[PlyCount "66"]
[EventDate "2006.08.02"]

1. e4 c5 2. Nc3 Nc6 3. g3 e6 4. Bg2 Nf6 5. f4 d6 6. Nf3 Be7 7. O-O O-O 8. Kh1
Rb8 9. a4 a6 10. d4 cxd4 11. Nxd4 Nxd4 12. Qxd4 b5 13. axb5 axb5 14. Be3 b4 15.
Ne2 Ng4 16. Bg1 Bf6 17. Qd3 Bxb2 18. Rab1 Bf6 19. h3 Nh6 20. g4 g5 21. Be3 e5
22. fxg5 Bxg5 23. Qd2 Bxe3 24. Qxe3 Qh4 25. g5 Ng4 26. Qf3 Qxg5 27. hxg4 Bxg4
28. Qd3 Qh5+ 29. Bh3 Bxe2 30. Qg3+ Kh8 31. Rf5 Rg8 32. Qe3 Qh4 33. Rb3 Bc4 0-1

[Event "OLOMOUC 2006 - IM-B (CZE)"]
[Site "?"]
[Date "2006.08.09"]
[Round "10.1"]
[White "Malinovsky, Karel"]
[Black "Salama, Omar"]
[Result "1-0"]
[WhiteElo "2346"]
[BlackElo "2174"]
[PlyCount "80"]
[EventDate "2006.08.02"]

1. e4 c5 2. Nf3 Nc6 3. d4 cxd4 4. Nxd4 Nf6 5. Nc3 e5 6. Ndb5 d6 7. Nd5 Nxd5 8.
exd5 Nb8 9. c4 Be7 10. Be2 O-O 11. O-O f5 12. f4 a6 13. Nc3 Nd7 14. Qc2 Bf6 15.
Kh1 Kh8 16. Be3 Qe7 17. Rae1 g5 18. fxe5 Nxe5 19. b4 a5 20. a3 axb4 21. axb4 f4
22. Bd4 Bg7 23. c5 g4 24. cxd6 Qh4 25. g3 Qh6 26. Rxf4 Rxf4 27. gxf4 g3 28. Bf1
Bf5 29. Qg2 Qxf4 30. Ne2 Qd2 31. Bc3 Qc2 32. Rc1 Qa2 33. Nxg3 Bg4 34. Qxa2 Rxa2
35. Re1 Rxh2+ 36. Kxh2 Nf3+ 37. Kh1 Nxe1 38. Bxe1 Be5 39. Ne4 Bf3+ 40. Bg2 Bxe4
1-0

[Event "OLOMOUC 2006 - IM-B (CZE)"]
[Site "?"]
[Date "2006.08.09"]
[Round "10.2"]
[White "Skytte, Rasmus"]
[Black "Lubbe, Nicolas"]
[Result "1/2-1/2"]
[WhiteElo "2408"]
[BlackElo "2272"]
[PlyCount "49"]
[EventDate "2006.08.02"]

1. e4 d5 2. exd5 Qxd5 3. Nc3 Qa5 4. d4 Nf6 5. Bd2 Qb6 6. Bc4 Qxd4 7. Qe2 c6 8.
Nf3 Qb6 9. Ne5 e6 10. O-O-O Be7 11. g4 Nd5 12. Rde1 O-O 13. h4 Bb4 14. g5 Nxc3
15. Bxc3 Bxc3 16. bxc3 Qa5 17. h5 Nd7 18. f4 Qxc3 19. Kb1 b5 20. Bb3 Nxe5 21.
fxe5 a5 22. h6 g6 23. Qf1 f5 24. exf6 a4 25. Rh3 1/2-1/2

[Event "OLOMOUC 2006 - IM-B (CZE)"]
[Site "?"]
[Date "2006.08.09"]
[Round "10.3"]
[White "Camarena Gimenez, Rufino"]
[Black "Tibensky, Robert"]
[Result "1/2-1/2"]
[WhiteElo "2323"]
[BlackElo "2385"]
[PlyCount "29"]
[EventDate "2006.08.02"]

1. Nf3 c5 2. c4 Nf6 3. Nc3 e6 4. g3 b6 5. Bg2 Bb7 6. O-O Be7 7. b3 O-O 8. Bb2
a6 9. e3 Re8 10. d4 cxd4 11. Nxd4 Bxg2 12. Kxg2 d6 13. Qf3 Ra7 14. Rad1 Rc7 15.
a4 1/2-1/2

[Event "OLOMOUC 2006 - IM-B (CZE)"]
[Site "?"]
[Date "2006.08.09"]
[Round "10.5"]
[White "Mihailovs, Jurijs"]
[Black "Jurek, Josef"]
[Result "0-1"]
[WhiteElo "2258"]
[BlackElo "2390"]
[PlyCount "70"]
[EventDate "2006.08.02"]

1. d4 Nf6 2. c4 e6 3. Nf3 b6 4. a3 c5 5. d5 Ba6 6. Qc2 exd5 7. cxd5 g6 8. Nc3
Bg7 9. g3 O-O 10. Bg2 d6 11. O-O Re8 12. Bf4 b5 13. b4 Qb6 14. Rab1 Nbd7 15.
Rfc1 Rac8 16. bxc5 Nxc5 17. Qa2 Nfe4 18. Nxe4 Nxe4 19. Be3 Qa5 20. Rxc8 Rxc8
21. Qb3 Nc3 22. Re1 Rc4 23. Bxa7 Bb7 24. Be3 Bxd5 25. Nd2 Qa4 26. Bxd5 Qxb3 27.
Bxf7+ Kxf7 28. Nxb3 Ra4 29. Bc1 Na2 30. e3 Bc3 31. Rd1 b4 32. Rxd6 bxa3 33. Rc6
Rb4 34. Nd4 Rb1 35. Ne2 Bb2 0-1

[Event "OLOMOUC 2006 - IM-B (CZE)"]
[Site "?"]
[Date "2006.08.09"]
[Round "10.6"]
[White "Krupa, Monika"]
[Black "Stehno, Pavel"]
[Result "1-0"]
[WhiteElo "2251"]
[BlackElo "2297"]
[PlyCount "63"]
[EventDate "2006.08.02"]

1. e4 c5 2. Nf3 Nc6 3. Bb5 d6 4. O-O Bd7 5. Re1 Nf6 6. c3 a6 7. Bxc6 Bxc6 8. d4
Bxe4 9. Bg5 Bd5 10. c4 Bxf3 11. Qxf3 cxd4 12. Qxb7 Qc8 13. Qf3 Nd7 14. Nd2 e5
15. Nb3 f6 16. Bd2 Be7 17. Qe2 O-O 18. Nxd4 f5 19. Qf3 Nb6 20. Ba5 Bd8 21. c5
dxc5 22. Bxb6 Bxb6 23. Nc6 Kh8 24. Rxe5 Qc7 25. Rae1 Ba5 26. Re7 Qb6 27. Qg3
Rg8 28. Ne5 Rgf8 29. Rd1 Qf6 30. Ng6+ Qxg6 31. Qxg6 hxg6 32. Re3 1-0

[Event "OLOMOUC 2006 - IM-B (CZE)"]
[Site "?"]
[Date "2006.08.10"]
[Round "11.1"]
[White "Stehno, Pavel"]
[Black "Malinovsky, Karel"]
[Result "1-0"]
[WhiteElo "2297"]
[BlackElo "2346"]
[PlyCount "109"]
[EventDate "2006.08.02"]

1. e4 e5 2. Nf3 Nc6 3. Bb5 a6 4. Ba4 Nf6 5. O-O Be7 6. Re1 b5 7. Bb3 d6 8. c3
O-O 9. h3 Na5 10. Bc2 c5 11. d4 Qc7 12. Nbd2 cxd4 13. cxd4 Nc6 14. d5 Nb4 15.
Bb1 a5 16. a3 Na6 17. b4 axb4 18. axb4 Bd7 19. Qb3 Rfc8 20. Bb2 Qb7 21. Bd3 Bd8
22. Nb1 Nh5 23. Nc3 Bb6 24. Rad1 g6 25. Rd2 Nc7 26. Kh2 Rf8 27. Qd1 Qa7 28. Rf1
Nf4 29. Bc2 Qb8 30. Ng1 Qd8 31. g3 Nh5 32. f3 Kh8 33. Rg2 Na6 34. Na2 f6 35.
Qd2 Qe7 36. Ne2 Rfc8 37. Bb3 Kg8 38. Bc3 Nc7 39. Nac1 Ng7 40. Nd3 Kh8 41. f4
Rf8 42. Bb2 Nce8 43. g4 exf4 44. Qxf4 Rg8 45. Ng3 g5 46. Qf3 Ra7 47. Re2 Bc7
48. Kg2 Qd8 49. Rfe1 Qc8 50. Rc2 h5 51. gxh5 Kh7 52. Rf2 Rf8 53. Rc1 f5 54. Qe3
Ra6 55. Qxg5 1-0

[Event "OLOMOUC 2006 - IM-B (CZE)"]
[Site "?"]
[Date "2006.08.10"]
[Round "11.2"]
[White "Jurek, Josef"]
[Black "Krupa, Monika"]
[Result "1/2-1/2"]
[WhiteElo "2390"]
[BlackElo "2251"]
[PlyCount "92"]
[EventDate "2006.08.02"]

1. Nf3 Nf6 2. c4 c5 3. g3 b6 4. Bg2 Bb7 5. O-O e6 6. Nc3 Be7 7. d4 cxd4 8. Qxd4
Nc6 9. Qf4 d6 10. Rd1 a6 11. b3 Qc7 12. Ba3 Ne5 13. Nxe5 dxe5 14. Qc1 Bxg2 15.
Kxg2 O-O 16. Bxe7 Qxe7 17. Qe3 Qc7 18. f3 Nd7 19. Rd2 Rad8 20. Rad1 f6 21. Rd6
Nc5 22. Qd2 Nb7 23. Rd7 Qxd7 24. Qxd7 Rxd7 25. Rxd7 Rf7 26. Rxf7 Kxf7 27. Kf2
Ke7 28. Na4 b5 29. cxb5 axb5 30. Nb2 Kd6 31. Ke3 Kc6 32. Nd3 Nd6 33. Nb4+ Kc5
34. Nd3+ Kc6 35. Ne1 Kd5 36. Nc2 h5 37. Kd3 g5 38. e4+ Kc5 39. h3 Nc8 40. a3
Ne7 41. Kc3 Nc6 42. Kd3 Ne7 43. Ke3 Nc6 44. Kd3 Ne7 45. b4+ Kc6 46. Ne3 Nc8
1/2-1/2

[Event "OLOMOUC 2006 - IM-B (CZE)"]
[Site "?"]
[Date "2006.08.10"]
[Round "11.3"]
[White "Sluka, Radek"]
[Black "Mihailovs, Jurijs"]
[Result "1-0"]
[WhiteElo "2331"]
[BlackElo "2258"]
[PlyCount "65"]
[EventDate "2006.08.02"]

1. e4 c5 2. Nf3 e6 3. b3 Nc6 4. Bb2 d6 5. Bb5 Bd7 6. O-O Nge7 7. Re1 a6 8. Bf1
e5 9. Nc3 g6 10. Nd5 Bg7 11. c3 f5 12. Nxe7 Qxe7 13. exf5 gxf5 14. Bc4 O-O-O
15. d3 Be8 16. Bd5 Bh5 17. b4 c4 18. Qa4 e4 19. Bxc6 cxd3 20. b5 bxc6 21. bxc6
Qa7 22. c4 Bxb2 23. Rab1 exf3 24. Rxb2 Rhg8 25. g3 d2 26. Rxd2 f4 27. c5 fxg3
28. hxg3 dxc5 29. Qc4 Rgf8 30. Rxd8+ Rxd8 31. Qe6+ Kb8 32. Rb1+ Ka8 33. c7 1-0

[Event "OLOMOUC 2006 - IM-B (CZE)"]
[Site "?"]
[Date "2006.08.10"]
[Round "11.4"]
[White "Tibensky, Robert"]
[Black "Ramiro Ovejero, Juan Luis"]
[Result "1/2-1/2"]
[WhiteElo "2385"]
[BlackElo "2323"]
[PlyCount "44"]
[EventDate "2006.08.02"]

1. c4 e5 2. g3 Nf6 3. Bg2 Nc6 4. Nc3 Bc5 5. e3 d6 6. a3 a6 7. Nge2 O-O 8. O-O
Ba7 9. b4 Rb8 10. d3 Bd7 11. Bd2 Qc8 12. Nd5 Nxd5 13. cxd5 Ne7 14. Rc1 Bh3 15.
e4 Bxg2 16. Kxg2 Qd7 17. Be3 Bxe3 18. fxe3 Rbc8 19. Qb3 f5 20. h3 fxe4 21. dxe4
Rxf1 22. Rxf1 Rf8 1/2-1/2

[Event "OLOMOUC 2006 - IM-B (CZE)"]
[Site "?"]
[Date "2006.08.10"]
[Round "11.5"]
[White "Lubbe, Nicolas"]
[Black "Camarena Gimenez, Rufino"]
[Result "1/2-1/2"]
[WhiteElo "2272"]
[BlackElo "2323"]
[PlyCount "51"]
[EventDate "2006.08.02"]

1. e4 c6 2. Nf3 d5 3. exd5 cxd5 4. Ne5 a6 5. d4 Nf6 6. Bd3 g6 7. c3 Bg7 8. O-O
O-O 9. Nd2 Nc6 10. Qe2 Nxe5 11. dxe5 Nd7 12. e6 Ne5 13. exf7+ Rxf7 14. Bc2 Bg4
15. f3 Bd7 16. a4 Qb6+ 17. Kh1 Raf8 18. c4 e6 19. Rb1 Qb4 20. b3 Nc6 21. Bd3
Bh6 22. Rd1 Nd4 23. Qe5 Qc3 24. Nf1 Bg7 25. Qe3 Qb4 26. Bb2 1/2-1/2

[Event "OLOMOUC 2006 - IM-B (CZE)"]
[Site "?"]
[Date "2006.08.10"]
[Round "11.6"]
[White "Salama, Omar"]
[Black "Skytte, Rasmus"]
[Result "1/2-1/2"]
[WhiteElo "2174"]
[BlackElo "2408"]
[PlyCount "76"]
[EventDate "2006.08.02"]

1. d4 d5 2. c4 dxc4 3. Nf3 Nf6 4. e3 Bg4 5. Bxc4 e6 6. Qb3 Bxf3 7. gxf3 b6 8.
Rg1 g6 9. Nc3 Bg7 10. d5 exd5 11. Nxd5 O-O 12. Bd2 Nxd5 13. Bxd5 c6 14. Be4 Na6
15. Bb4 Nxb4 16. Qxb4 Rc8 17. Rd1 Qh4 18. f4 c5 19. Qc4 Rce8 20. Ke2 Re7 21. b3
Kh8 22. Kf3 Rfe8 23. Bc6 Qh3+ 24. Ke2 Rc8 25. Qd5 Qh4 26. Qf3 Qf6 27. Bb7 Rb8
28. Bc6 Rc7 29. Bb5 a6 30. Bxa6 Ra7 31. Bb5 Rxa2+ 32. Kf1 Ra5 33. Bc6 b5 34.
Rg5 Bf8 35. Kg2 Ra7 36. Bd5 Rc7 37. Qe4 Rd8 38. Re5 Kg7 1/2-1/2